<?xml version="1.0" encoding="UTF-8"?><?xml-stylesheet type="text/xsl" href="static/style.xsl"?><OAI-PMH xmlns="http://www.openarchives.org/OAI/2.0/" xmlns:xsi="http://www.w3.org/2001/XMLSchema-instance" xsi:schemaLocation="http://www.openarchives.org/OAI/2.0/ http://www.openarchives.org/OAI/2.0/OAI-PMH.xsd"><responseDate>2026-06-29T02:42:11Z</responseDate><request verb="GetRecord" identifier="oai:docta.ucm.es:20.500.14352/131153" metadataPrefix="marc">https://docta.ucm.es/rest/oai/request</request><GetRecord><record><header><identifier>oai:docta.ucm.es:20.500.14352/131153</identifier><datestamp>2026-01-28T01:10:59Z</datestamp><setSpec>com_20.500.14352_14</setSpec><setSpec>col_20.500.14352_15</setSpec></header><metadata><record xmlns="http://www.loc.gov/MARC21/slim" xmlns:dcterms="http://purl.org/dc/terms/" xmlns:xsi="http://www.w3.org/2001/XMLSchema-instance" xmlns:doc="http://www.lyncode.com/xoai" xsi:schemaLocation="http://www.loc.gov/MARC21/slim http://www.loc.gov/standards/marcxml/schema/MARC21slim.xsd">
   <leader>00925njm 22002777a 4500</leader>
   <datafield ind2=" " ind1=" " tag="042">
      <subfield code="a">dc</subfield>
   </datafield>
   <datafield ind2=" " ind1=" " tag="720">
      <subfield code="a">Chicharro Fermín, Nicolás</subfield>
      <subfield code="e">author</subfield>
   </datafield>
   <datafield ind2=" " ind1=" " tag="720">
      <subfield code="a">Huertas Coronel, María José</subfield>
      <subfield code="e">author</subfield>
   </datafield>
   <datafield ind2=" " ind1=" " tag="720">
      <subfield code="a">Márquez González, Álvaro</subfield>
      <subfield code="e">author</subfield>
   </datafield>
   <datafield ind2=" " ind1=" " tag="720">
      <subfield code="a">Ancochea Soto, Eumenio</subfield>
      <subfield code="e">author</subfield>
   </datafield>
   <datafield ind2=" " ind1=" " tag="260">
      <subfield code="c">2025-12-11</subfield>
   </datafield>
   <datafield ind2=" " ind1=" " tag="520">
      <subfield code="a">La erupción volcánica de 1712, de El Charco, es una de las peor conocidas de las 8 erupciones históricas de la isla de La Palma. Fue un evento principalmente estromboliano, con fases hidromagmáticas, durante el cual se abrieron múltiples bocas a lo largo de una fractura NW-SE de 3 km de longitud. Se emitieron dos tipos petrológicos: primero tefritas piroxénico-anfibólicas y posteriormente, basanitas piroxénico-olivínicas. Las rocas de El Charco están formadas principalmente por minerales máficos: diópsido, olivino rico en forsterita y kaersutita. El único mineral claro es la plagioclasa, de tipo labradorita, aunque ocasionalmente aparecen también macrocristales de andesina. Los óxidos de Fe-Ti generalmente forman parte de la serie de la magnetita – ulvoespinela. El fraccionamiento del olivino podría ser responsable de la evolución de los magmas basaníticos a los magmas tefríticos. La gran cantidad de clinopiroxenos con zonados inversos y, en menor medida, de los olivinos, y las texturas de desequilibrio observadas en los olivinos y anfíboles, parecen indicar que en esta erupción ocurrieron procesos de mezcla entre los magmas tefríticos y basaníticos. Esta mezcla pudo ser el desencadenante de la erupción volcánica, como se ha propuesto en la reciente erupción de 2021 de La Palma.</subfield>
   </datafield>
   <datafield ind1="8" ind2=" " tag="024">
      <subfield code="a">Chicharro, N., Huertas, M. J., Márquez, Á., &amp; Ancochea, E. (2025). La erupción de El Charco de 1712 (Cumbre vieja, la palma). Nuevas aportaciones petrográficas y mineralógicas. Geogaceta, 78, 59-62. https://doi.org/10.55407/geogaceta113361</subfield>
   </datafield>
   <datafield ind1="8" ind2=" " tag="024">
      <subfield code="a">10.55407/geogaceta113361</subfield>
   </datafield>
   <datafield ind1="8" ind2=" " tag="024">
      <subfield code="a">https://hdl.handle.net/20.500.14352/131153</subfield>
   </datafield>
   <datafield ind1="8" ind2=" " tag="024">
      <subfield code="a">https://doi.org/10.55407/geogaceta113361</subfield>
   </datafield>
   <datafield ind1="8" ind2=" " tag="024">
      <subfield code="a">https://recyt.fecyt.es/index.php/geogaceta/article/view/113361</subfield>
   </datafield>
   <datafield ind2="0" ind1="0" tag="245">
      <subfield code="a">La erupción de El Charco de 1712 (Cumbre Vieja, La Palma). Nuevas aportaciones petrográficas y mineralógicas</subfield>
   </datafield>
</record></metadata></record></GetRecord></OAI-PMH>